000 00450nam a2200181Ia 4500
003 GCL
008 140319s9999 xx 000 0 eng d
040 _aGCL /
_cGCL
082 0 4 _aCH
_b843
_bB H
100 1 _aBOTTET, BEATRICE
245 1 0 _aHANSEL ET GRETEL /
_cBOTTET, BEATRICE
260 _a[S.N] :
_bHEMMA
650 0 4 _aENGLISH LITERATURE
650 0 4 _aENGLISH FICTION
650 0 4 _aFICTION
650 0 4 _aCHILDREN - FICTION
942 _2ddc
_cBK
999 _c14612
_d14612